Técnicas para escribir, leer y estudiar (Registro nro. 1698)
[ vista simple ]
| 000 -LEADER | |
|---|---|
| fixed length control field | 01156 a2200217 4500 |
| 001 - CONTROL NUMBER | |
| control field | 28349 |
| 005 - DATE AND TIME OF LATEST TRANSACTION | |
| control field | 20260407155555.0 |
| 008 - FIXED-LENGTH DATA ELEMENTS--GENERAL INFORMATION | |
| fixed length control field | 260407a1990 arg spa d |
| 003 - CONTROL NUMBER IDENTIFIER | |
| control field | AR-UNSa-BCEJYS |
| 040 ## - CATALOGING SOURCE | |
| Original cataloging agency | AR-UNSa-BCEJYS |
| Language of cataloging | spa |
| Transcribing agency | AR-UNSa-BCEJYS |
| 080 ## - UNIVERSAL DECIMAL CLASSIFICATION NUMBER | |
| Universal Decimal Classification number | 001.8 |
| Common auxiliary subdivision | Metodología. Estudio general del método. Procedimientos científicos y técnicos para el estudio, La investigación y la discusión |
| 020 ## - INTERNATIONAL STANDARD BOOK NUMBER | |
| International Standard Book Number | 950-739-015-8 |
| 041 ## - LANGUAGE CODE | |
| Language code of text/sound track or separate title | spa |
| 100 1# - MAIN ENTRY--PERSONAL NAME | |
| Personal name | Álvarez Chávez, Víctor Hugo |
| 245 10 - TITLE STATEMENT | |
| Title | Técnicas para escribir, leer y estudiar |
| Name of part/section of a work | cómo preparar una tesis, un ensayo, una moinografía, un libro |
| 264 #1 - PRODUCTION, PUBLICATION, DISTRIBUTION, MANUFACTURE, AND COPYRIGHT NOTICE | |
| Place of production, publication, distribution, manufacture | Buenos Aires : |
| Name of producer, publisher, distributor, manufacturer | Errepar |
| Date of production, publication, distribution, manufacture, or copyright notice | 1990 |
| 300 ## - PHYSICAL DESCRIPTION | |
| Extent | 264 p. |
| Dimensions | 20 cm. |
| 505 ## - FORMATTED CONTENTS NOTE | |
| Formatted contents note | 1. Conceptos fundamentales – 2. El libro – 3. Técnicas de escritura – 4. Uso de las abreviaturas, símbolos, palabras y siglas más utilizadas – 5. Normas para la elaboración de notas y bibliografías – 6. Revisión, enmienda y valoración del trabajo de investigación – 7. De la mesa de trabajo a la imprenta – 8. Importancia de la lectura y las técnicas de estudio - |
| 590 ## - LOCAL NOTE (RLIN) | |
| Local note | niveau_biblio:m niveau_hierar:0 |
| 942 ## - ADDED ENTRY ELEMENTS (KOHA) | |
| Koha item type | |
| Withdrawn status | Lost status | Damaged status | Not for loan | Home library | Current library | Shelving location | Date acquired | Total checkouts | Full call number | Barcode | Date last seen | Price effective from | Koha item type |
|---|---|---|---|---|---|---|---|---|---|---|---|---|---|
| Biblioteca Prof. Eusebio Cleto del Rey | Biblioteca Prof. Eusebio Cleto del Rey | 07/04/2026 | 001.8 A472 | L65046 | 07/04/2026 | 07/04/2026 | Libro | ||||||
| Biblioteca Prof. Eusebio Cleto del Rey | Biblioteca Prof. Eusebio Cleto del Rey | 07/04/2026 | 001.8 A472 | L69916 | 07/04/2026 | 07/04/2026 | Libro | ||||||
| Biblioteca Prof. Eusebio Cleto del Rey | Biblioteca Prof. Eusebio Cleto del Rey | 07/04/2026 | 001.8 A472 | L85023 | 07/04/2026 | 07/04/2026 | Libro |